[Event "Cheliabinsk-ch"]
[Site "Cheliabinsk"]
[Date "2011.03.01"]
[Round "4"]
[White "Pivovarov, Michail"]
[Black "Pivkin, Anton"]
[Result "1-0"]
[WhiteElo "1869"]
[BlackElo "1767"]
[PlyCount "78"]
[EventDate "2011.02.26"]
[EventType "swiss"]
[EventRounds "9"]
[EventCountry "RUS"]
[SourceTitle "CBM 141 Extra"]
[Source "ChessBase"]
[SourceDate "2011.05.03"]
[SourceVersion "1"]
[SourceVersionDate "2011.05.03"]
[SourceQuality "1"]

1. Nf3 e6 2. d4 Nf6 3. Bg5 c5 4. c3 h6 5. Bh4 d5 6. Nbd2 Nc6 7. e3 Bd7 8. Bd3 a6 9. 0-0 g5 10. Bg3 Nh5 11. Be5 c4 12. Bxh8 cxd3 13. Ne5 Nxe5 14. Bxe5 Ng7 15. Bxg7 Bxg7 16. a4 e5 17. dxe5 Qc7 18. f4 Qb6 19. Qe1 gxf4 20. Rxf4 Bxe5 21. Rb4 Qc7 22. Nf3 Bd6 23. Rd4 0-0-0 24. Rxd3 Bf5 25. Rd2 Rg8 26. Qh4 Bg4 27. Nd4 Be7 28. Qf2 Bg5 29. Nf3 Be7 30. Rf1 Bh3 31. Qe1 Qb6 32. Kh1 Bf5 33. Nd4 Be4 34. Kg1 Qg6 35. Nf3 Bd6 36. Qh4 f6 37. Ne1 Bc5 38. Kh1 Bxe3 39. Qh3+ f5 1-0

[Event "Cheliabinsk-ch"]
[Site "Cheliabinsk"]
[Date "2011.02.26"]
[Round "1"]
[White "Berejnoi, Vladimir"]
[Black "Pivovarov, Michail"]
[Result "1-0"]
[WhiteElo "2202"]
[BlackElo "1869"]
[PlyCount "51"]
[EventDate "2011.02.26"]
[EventType "swiss"]
[EventRounds "9"]
[EventCountry "RUS"]
[SourceTitle "CBM 141 Extra"]
[Source "ChessBase"]
[SourceDate "2011.05.03"]
[SourceVersion "1"]
[SourceVersionDate "2011.05.03"]
[SourceQuality "1"]

1. e4 Nc6 2. Nf3 d6 3. d4 Nf6 4. Nc3 Bg4 5. Be3 e6 6. h3 Bh5 7. Bb5 a6 8. Ba4 b5 9. Nxb5 Bxf3 10. Qxf3 Ke7 11. Nc3 Na7 12. e5 Nd7 13. Ne4 h6 14. Bxd7 Kxd7 15. Qxf7+ Qe7 16. Qf3 Rb8 17. 0-0 Nc6 18. exd6 cxd6 19. b3 Rb5 20. Ng3 g6 21. c4 Rb8 22. Rad1 Bg7 23. Qg4 Qf7 24. d5 Ne5 25. Qe2 Rhc8 26. f4 1-0

[Event "Cheliabinsk Region Club-ch qf"]
[Site "Cheliabinsk"]
[Date "2011.01.27"]
[Round "7"]
[White "Subbotin, Valery"]
[Black "Pivovarov, Michail"]
[Result "1-0"]
[WhiteElo "2007"]
[BlackElo "1869"]
[PlyCount "109"]
[EventDate "2011.01.21"]
[EventType "swiss"]
[EventRounds "9"]
[EventCountry "RUS"]
[SourceTitle "EXT 2022"]
[Source "ChessBase"]
[SourceDate "2021.10.06"]
[SourceVersion "1"]
[SourceVersionDate "2021.10.06"]
[SourceQuality "1"]

1. d4 Nf6 2. Nf3 d5 3. c4 c6 4. Nc3 Bf5 5. e3 Nbd7 6. Qb3 Qb6 7. Qa4 e6 8. a3 Be7 9. Be2 dxc4 10. Qxc4 0-0 11. 0-0 h6 12. Nd2 Bg4 13. Bd3 Nd5 14. h3 Bh5 15. Nde4 Qd8 16. Ng3 N7f6 17. Nce4 Bg6 18. Nxf6+ gxf6 19. Bxg6 fxg6 20. e4 Nb6 21. Qxe6+ Kg7 22. Be3 Re8 23. Qg4 Kh7 24. Rac1 Nd7 25. h4 Rg8 26. h5 Nf8 27. Qf4 g5 28. Qf5+ Kh8 29. e5 Qd7 30. Qxd7 Nxd7 31. Nf5 Bf8 32. e6 Nb6 33. e7 Bg7 34. Bd2 Nd5 35. Rfe1 Rge8 36. b4 a6 37. a4 Kg8 38. Rc5 Nb6 39. Nd6 Nxa4 40. Nxe8 Rxe8 41. Rf5 Nb6 42. f4 Nc4 43. Bc1 Nd6 44. Ra5 Kf7 45. d5 Nc4 46. Rc5 cxd5 47. Rxd5 Rxe7 48. Rxe7+ Kxe7 49. Rc5 b5 50. Rc7+ Kf8 51. Rc6 a5 52. bxa5 Nxa5 53. Rb6 Nb3 54. Ba3+ Kg8 55. Rxb5 1-0

[Event "Nago Torbole op-A"]
[Site "Nago Torbole"]
[Date "2010.12.29"]
[Round "7"]
[White "Pivovarov, Michail"]
[Black "Silini, Riccardo"]
[Result "0-1"]
[WhiteElo "1869"]
[BlackElo "1628"]
[PlyCount "88"]
[EventDate "2010.12.26"]
[EventType "swiss"]
[EventRounds "7"]
[EventCountry "ITA"]
[SourceTitle "EXT 2024"]
[Source "ChessBase"]
[SourceDate "2023.10.10"]
[SourceVersion "1"]
[SourceVersionDate "2023.10.10"]
[SourceQuality "1"]

1. Nf3 Nf6 2. c4 g6 3. Nc3 Bg7 4. g3 d6 5. d4 c5 6. d5 0-0 7. Bg2 e5 8. Qc2 a6 9. a4 Bg4 10. h3 Bxf3 11. Bxf3 Re8 12. 0-0 Qd7 13. Kh2 Qe7 14. e4 Nbd7 15. a5 b6 16. axb6 Nxb6 17. Na4 Reb8 18. Bd2 Nxa4 19. Rxa4 Qb7 20. Bc3 Nd7 21. Be2 Qb3 22. Qxb3 Rxb3 23. Rfa1 Rb6 24. R1a2 f5 25. Bd3 f4 26. Kg2 g5 27. Be2 Nf6 28. Kf3 h5 29. gxf4 exf4 30. e5 dxe5 31. Bxe5 Nd7 32. Bxg7 Kxg7 33. Kg2 Kg6 34. Ra5 Kf6 35. Bxh5 Ke5 36. Bg4 Nf6 37. Rxc5 Nxg4 38. hxg4 Rh8 39. Rca5 Rbh6 40. Rxa6 Rh2+ 41. Kf3 Kd4 42. Re6 R8h3+ 43. Ke2 Rd3 44. Re3 Rxe3+ 0-1

[Event "Nago Torbole op-A"]
[Site "Nago Torbole"]
[Date "2010.12.27"]
[Round "3"]
[White "Pivovarov, Michail"]
[Black "Varzi, Florian"]
[Result "1-0"]
[WhiteElo "1869"]
[BlackElo "1618"]
[PlyCount "103"]
[EventDate "2010.12.26"]
[EventType "swiss"]
[EventRounds "7"]
[EventCountry "ITA"]
[SourceTitle "EXT 2024"]
[Source "ChessBase"]
[SourceDate "2023.10.10"]
[SourceVersion "1"]
[SourceVersionDate "2023.10.10"]
[SourceQuality "1"]

1. Nf3 f5 2. c4 Nf6 3. Nc3 g6 4. b3 Bg7 5. Bb2 Ne4 6. Qc2 Nf6 7. g3 0-0 8. Bg2 c6 9. 0-0 d6 10. d4 Qe8 11. d5 e5 12. dxe6 Bxe6 13. Ng5 Bd7 14. Rad1 Qe7 15. h4 Na6 16. Rfe1 Nc5 17. b4 Na6 18. a3 Nc7 19. Qd2 Nce8 20. b5 c5 21. Bxb7 Rd8 22. Bg2 h6 23. Nd5 Nxd5 24. Bxd5+ Kh8 25. Bxg7+ Kxg7 26. Nh3 Nf6 27. Nf4 Nxd5 28. Nxd5 Qe4 29. Qc3+ Qe5 30. Qd3 Rf7 31. a4 Rdf8 32. e3 g5 33. hxg5 hxg5 34. Qc3 Be6 35. Qxe5+ dxe5 36. a5 Rd7 37. Rd2 Rfd8 38. Red1 Kf7 39. Kf1 Rd6 40. Ke1 R8d7 41. f3 f4 42. gxf4 gxf4 43. e4 Kg7 44. Rg2+ Kf7 45. Kd2 Bxd5 46. exd5 Rg6 47. Rdg1 Rxg2+ 48. Rxg2 Kf6 49. Kd3 Kf5 50. Rg8 Re7 51. Rf8+ Kg6 52. Ke4 1-0

[Event "Nago Torbole op-A"]
[Site "Nago Torbole"]
[Date "2010.12.26"]
[Round "2"]
[White "Careri, Massimiliano"]
[Black "Pivovarov, Michail"]
[Result "1-0"]
[WhiteElo "1631"]
[BlackElo "1869"]
[PlyCount "57"]
[EventDate "2010.12.26"]
[EventType "swiss"]
[EventRounds "7"]
[EventCountry "ITA"]
[SourceTitle "EXT 2024"]
[Source "ChessBase"]
[SourceDate "2023.10.10"]
[SourceVersion "1"]
[SourceVersionDate "2023.10.10"]
[SourceQuality "1"]

1. e4 e5 2. Nf3 Nf6 3. Bc4 Nc6 4. d4 exd4 5. 0-0 d6 6. Nxd4 Be7 7. Nc3 Ne5 8. Be2 0-0 9. f4 Nc6 10. Nxc6 bxc6 11. Kh1 Rb8 12. Qe1 Bg4 13. e5 Bxe2 14. exf6 Bxf6 15. Qxe2 Bxc3 16. bxc3 Qf6 17. Qd3 Rb5 18. Be3 Rfb8 19. Bxa7 R8b7 20. Bd4 Qd8 21. f5 c5 22. c4 R5b6 23. Bxc5 Rc6 24. Qd5 Qd7 25. Rab1 Rxb1 26. Rxb1 h6 27. Bd4 Ra6 28. Qe4 Qc6 29. Qg4 1-0

[Event "Nago Torbole op-A"]
[Site "Nago Torbole"]
[Date "2010.12.26"]
[Round "1"]
[White "Pivovarov, Michail"]
[Black "Bevilacqua, Maurizio"]
[Result "0-1"]
[WhiteElo "1869"]
[BlackElo "2156"]
[PlyCount "120"]
[EventDate "2010.12.26"]
[EventType "swiss"]
[EventRounds "7"]
[EventCountry "ITA"]
[SourceTitle "EXT 2024"]
[Source "ChessBase"]
[SourceDate "2023.10.10"]
[SourceVersion "1"]
[SourceVersionDate "2023.10.10"]
[SourceQuality "1"]

1. Nf3 c5 2. c4 Nf6 3. g3 b6 4. Bg2 Bb7 5. Nc3 e6 6. d3 Be7 7. 0-0 0-0 8. e4 d6 9. Re1 Qc8 10. a3 Nc6 11. Rb1 Rd8 12. Bh3 Qb8 13. b4 Nd7 14. Bg5 Bf6 15. Bxf6 Nxf6 16. b5 Ne5 17. Qe2 Qc7 18. Nd2 h5 19. Rf1 Re8 20. Bg2 Rad8 21. f4 Ng6 22. Rbe1 d5 23. e5 Ng4 24. h3 Nh6 25. cxd5 exd5 26. Qxh5 Qd7 27. Qf3 Nf5 28. Qf2 Nd4 29. a4 Qf5 30. Re3 Nc2 31. g4 Qc8 32. Rg3 Nh4 33. Bh1 Nd4 34. Ne2 Nc2 35. Nf3 Ng6 36. Ne1 Nb4 37. Kh2 a6 38. Nc3 Re7 39. Nc2 a5 40. Ne1 Ba8 41. Qd2 Rde8 42. d4 Rc7 43. Ne2 cxd4 44. Nxd4 Rc4 45. Nf5 Re6 46. Nd6 Rxd6 47. exd6 Qd7 48. Rc3 Rxc3 49. Qxc3 Qxd6 50. Qc8+ Qf8 51. Qd7 Qb8 52. Kg3 Na2 53. Bxd5 Bxd5 54. Qxd5 Nc3 55. Qf3 Nxf4 56. Kf2 Qe5 57. Kg1 g5 58. h4 Qd4+ 59. Kh1 Nce2 60. hxg5 Qh8+ 0-1

[Event "Cheliabinsk Sveshnikov 60 op"]
[Site "Cheliabinsk"]
[Date "2010.02.25"]
[Round "2"]
[White "Lukin, Vasily"]
[Black "Pivovarov, Michail"]
[Result "1-0"]
[WhiteElo "1719"]
[BlackElo "1930"]
[PlyCount "86"]
[EventDate "2010.02.24"]
[EventType "swiss"]
[EventRounds "9"]
[EventCountry "RUS"]
[SourceTitle "EXT 2012"]
[Source "ChessBase"]
[SourceDate "2011.11.24"]
[SourceVersion "1"]
[SourceVersionDate "2011.11.24"]
[SourceQuality "1"]

1. d4 Nf6 2. c4 c5 3. Nf3 cxd4 4. Nxd4 Nc6 5. Nb3 g6 6. Nc3 Bg7 7. e3 0-0 8. Be2 d6 9. 0-0 Bf5 10. f3 h5 11. e4 Bd7 12. Be3 b6 13. Qd2 Kh7 14. a3 Ne5 15. Rac1 Rc8 16. Nd5 Ng8 17. Nd4 Nc6 18. Nb5 Nf6 19. Rfd1 Rb8 20. b3 Na5 21. Qb4 Nc6 22. Qe1 Rb7 23. h3 Ne5 24. Nbc3 Bc6 25. Qh4 Bxd5 26. Nxd5 Nxd5 27. Rxd5 Bf6 28. Qf2 Qc8 29. f4 Nd7 30. g4 Nc5 31. Bxc5 bxc5 32. e5 Bg7 33. Qf3 Qb8 34. Bd1 hxg4 35. hxg4 Rh8 36. exd6 Bd4+ 37. Kg2 e6 38. Rxd4 cxd4 39. c5 Rd7 40. Qc6 Qd8 41. Bf3 Kg8 42. Qa8 Kg7 43. Qxd8 Rdxd8 1-0

[Event "Cheliabinsk-ch 1L op"]
[Site "Cheliabinsk"]
[Date "2010.01.28"]
[Round "6"]
[White "Pivovarov, Michail"]
[Black "Lukin, Vasily"]
[Result "0-1"]
[WhiteElo "1930"]
[BlackElo "1719"]
[PlyCount "86"]
[EventDate "2010.01.??"]
[EventType "swiss"]
[EventRounds "9"]
[EventCountry "RUS"]
[SourceTitle "EXT 2012"]
[Source "ChessBase"]
[SourceDate "2011.11.24"]
[SourceVersion "1"]
[SourceVersionDate "2011.11.24"]
[SourceQuality "1"]

1. Nf3 Nf6 2. g3 c5 3. Bg2 Nc6 4. c4 g6 5. Nc3 Bg7 6. 0-0 a6 7. d3 0-0 8. Bf4 d6 9. Qc1 Nd4 10. Bh6 Ne6 11. Bxg7 Kxg7 12. e4 Nd7 13. Nd5 Nc7 14. Qc3+ e5 15. Nxc7 Qxc7 16. Nd2 Nb8 17. f4 Nc6 18. f5 f6 19. fxg6 hxg6 20. Nf3 Bg4 21. Rae1 b5 22. b3 b4 23. Qd2 Qd7 24. Rf2 Rf7 25. Ref1 Raf8 26. Nh4 Nd4 27. Nf3 Bxf3 28. Bxf3 a5 29. Bd1 Qh3 30. Qe1 Qh6 31. Rd2 Qg5 32. h4 Qh6 33. Rg2 f5 34. exf5 Nxf5 35. Rgf2 Qe3 36. Qxe3 Nxe3 37. Rxf7+ Rxf7 38. Re1 Nf5 39. Kg2 Nd4 40. g4 Rf4 41. Rf1 Ne6 42. Rxf4 Nxf4+ 43. Kf3 Nxd3 0-1

[Event "Cheliabinsk-ch 1L op"]
[Site "Cheliabinsk"]
[Date "2010.01.21"]
[Round "5"]
[White "Kaliamin, Andrey A"]
[Black "Pivovarov, Michail"]
[Result "1/2-1/2"]
[WhiteElo "1667"]
[BlackElo "1930"]
[PlyCount "49"]
[EventDate "2010.01.??"]
[EventType "swiss"]
[EventRounds "9"]
[EventCountry "RUS"]
[SourceTitle "EXT 2012"]
[Source "ChessBase"]
[SourceDate "2011.11.24"]
[SourceVersion "1"]
[SourceVersionDate "2011.11.24"]
[SourceQuality "1"]

1. d4 Nf6 2. Nf3 e6 3. Bg5 b6 4. e3 Bb7 5. Nbd2 h6 6. Bh4 Be7 7. Bd3 c5 8. c3 d5 9. Qe2 Nbd7 10. 0-0 0-0 11. Ne5 Nxe5 12. dxe5 Nd7 13. Bxe7 Qxe7 14. f4 a6 15. e4 c4 16. Bc2 b5 17. exd5 Bxd5 18. Nf3 Rfd8 19. Nd4 Rac8 20. Rae1 b4 21. f5 Qh4 22. fxe6 fxe6 23. Bg6 Re8 24. Rf8+ Rxf8 25. Be8 1/2-1/2

[Event "Cheliabinsk Winter op"]
[Site "Cheliabinsk"]
[Date "2009.12.??"]
[Round "6"]
[White "Znamensky, Nikolai"]
[Black "Pivovarov, Michail"]
[Result "1-0"]
[WhiteElo "1789"]
[BlackElo "1949"]
[PlyCount "43"]
[EventDate "2009.11.30"]
[EventType "swiss"]
[EventRounds "9"]
[EventCountry "RUS"]
[SourceTitle "EXT 2012"]
[Source "ChessBase"]
[SourceDate "2011.11.24"]
[SourceVersion "1"]
[SourceVersionDate "2011.11.24"]
[SourceQuality "1"]

1. Nf3 Nf6 2. c4 e6 3. g3 b6 4. Bg2 Bb7 5. 0-0 d6 6. d4 Be7 7. Nc3 0-0 8. Qc2 Nbd7 9. e4 e5 10. b3 a5 11. Bb2 Re8 12. Rad1 exd4 13. Nxd4 Bf8 14. Nd5 Ng4 15. Nf5 Bxd5 16. cxd5 Ndf6 17. Rfe1 Rc8 18. Qc3 g6 19. Nd4 Ra8 20. Nc6 Qc8 21. f4 Bg7 22. e5 1-0

[Event "Arco op 30th"]
[Site "Arco"]
[Date "2008.10.18"]
[Round "1"]
[White "Pivovarov, Michail"]
[Black "Tratar, Marko"]
[Result "0-1"]
[WhiteElo "1963"]
[BlackElo "2507"]
[PlyCount "72"]
[EventDate "2008.10.18"]
[EventType "swiss"]
[EventRounds "9"]
[EventCountry "ITA"]
[SourceTitle "CBM 127 Extra"]
[Source "ChessBase"]
[SourceDate "2009.01.08"]
[SourceVersion "2"]
[SourceVersionDate "2009.01.28"]
[SourceQuality "1"]

1. Nf3 d6 2. g3 e5 3. d3 f5 4. Bg2 Nf6 5. Nbd2 g6 6. e4 Bg7 7. b3 0-0 8. Bb2 Nc6 9. 0-0 Bd7 10. Re1 f4 11. Nf1 Qc8 12. c3 Bg4 13. d4 Nh5 14. Qd3 Kh8 15. d5 Nd8 16. c4 Nf7 17. b4 g5 18. Rac1 Bxf3 19. Qxf3 g4 20. Qa3 f3 21. Bh1 Ng5 22. Nd2 Bh6 23. Rc2 Nh3+ 24. Kf1 Qe8 25. Qd3 N5f4 26. Qb3 Qh5 27. Nxf3 gxf3 28. Bxf3 Qg6 29. c5 Rf7 30. cxd6 cxd6 31. Rec1 Raf8 32. Rc8 Nh5 33. Rxf8+ Rxf8 34. Rc3 Bd2 35. Rd3 Qxe4 36. Kg2 N3f4+ 0-1

[Event "Bolzano op 2nd"]
[Site "Bolzano"]
[Date "2007.05.28"]
[Round "6"]
[White "Dallaglio, Giovanni"]
[Black "Pivovarov, Michail"]
[Result "1-0"]
[WhiteElo "2027"]
[BlackElo "1973"]
[PlyCount "145"]
[EventDate "2007.05.25"]
[EventType "swiss"]
[EventRounds "7"]
[EventCountry "ITA"]
[SourceTitle "EXT 2011"]
[Source "ChessBase"]
[SourceDate "2010.11.26"]
[SourceVersion "1"]
[SourceVersionDate "2010.11.26"]
[SourceQuality "1"]

1. d4 Nf6 2. Nf3 d5 3. c4 c6 4. Nc3 g6 5. e3 Bg4 6. h3 Bxf3 7. Qxf3 Bg7 8. Bd3 0-0 9. 0-0 Na6 10. Rd1 Nc7 11. b3 a6 12. Bb2 Nh5 13. g4 Nf6 14. e4 dxe4 15. Nxe4 Nxe4 16. Bxe4 e6 17. Qe3 f5 18. Bf3 Qh4 19. Kg2 Rae8 20. Ba3 fxg4 21. hxg4 Rf7 22. Bd6 Qd8 23. Bg3 Qd7 24. Rd3 Qe7 25. Re1 Qf8 26. g5 e5 27. d5 cxd5 28. cxd5 Qd6 29. Be4 Ref8 30. a4 Ne8 31. Bf3 Rxf3 32. Qxf3 Rxf3 33. Kxf3 Qf8+ 34. Kg2 Qf5 35. Red1 Nd6 36. Re3 Qxg5 37. Rde1 Nf5 38. Rd3 Nd6 39. Rde3 h5 40. Kf1 Nf5 41. Rd3 Nxg3+ 42. Rxg3 Qf6 43. Rd1 Qd6 44. b4 Bh6 45. b5 axb5 46. axb5 Bf4 47. Rc3 h4 48. b6 g5 49. Rc7 h3 50. Ra1 Qf8 51. d6 Qxd6 52. Ra8+ Qf8 53. Rxf8+ Kxf8 54. Rxb7 e4 55. Rh7 h2 56. Kg2 Ke8 57. Ra7 g4 58. Ra4 Kd7 59. Rxe4 Bb8 60. Rxg4 Kc6 61. Rg6+ Kb7 62. Rh6 Bf4 63. Rf6 Be5 64. Rf5 Bb8 65. f4 Kxb6 66. Kxh2 Kc6 67. Kg3 Kd6 68. Kg4 Ke6 69. Kg5 Ba7 70. Ra5 Bd4 71. Kg6 Bc3 72. Ra2 Ke7 73. f5 1-0

[Event "Arco op 28th"]
[Site "Arco"]
[Date "2006.10.27"]
[Round "7"]
[White "Schaefer, Michael"]
[Black "Pivovarov, Michail"]
[Result "1-0"]
[WhiteElo "2199"]
[BlackElo "1891"]
[PlyCount "87"]
[EventDate "2006.10.21"]
[EventType "swiss"]
[EventRounds "9"]
[EventCountry "ITA"]
[SourceTitle "EXT 2007"]
[Source "ChessBase"]
[SourceDate "2006.11.23"]
[SourceVersion "1"]
[SourceVersionDate "2006.11.23"]
[SourceQuality "1"]

1. d4 Nf6 2. c4 e6 3. g3 Be7 4. Bg2 0-0 5. Nf3 c5 6. d5 d6 7. 0-0 Na6 8. Nc3 Nc7 9. e4 e5 10. Ne1 Bg4 11. f3 Bh5 12. Be3 Rb8 13. a4 a6 14. a5 b5 15. axb6 Rxb6 16. Nd3 Qb8 17. Qd2 Bg6 18. Na4 Rb3 19. Rfe1 Rd8 20. Bf1 Bf8 21. Be2 Nd7 22. g4 Be7 23. Reb1 Nf8 24. Bd1 Rb7 25. b4 h5 26. h3 Nd7 27. Bc2 hxg4 28. hxg4 Nf6 29. bxc5 Bxe4 30. Rxb7 Qxb7 31. Rb1 Nb5 32. c6 Qc8 33. Nb6 Qc7 34. fxe4 Nxe4 35. Qg2 Nbc3 36. Rb3 Bh4 37. Nc1 Nc5 38. Bxc5 dxc5 39. Qh3 Qe7 40. Rxc3 Qg5 41. Bf5 g6 42. c7 gxf5 43. cxd8Q+ Qxd8 44. gxf5 1-0

[Event "Arco op 28th"]
[Site "Arco"]
[Date "2006.10.24"]
[Round "4"]
[White "Romagnoli, Roberto"]
[Black "Pivovarov, Michail"]
[Result "0-1"]
[WhiteElo "2138"]
[BlackElo "1891"]
[PlyCount "150"]
[EventDate "2006.10.21"]
[EventType "swiss"]
[EventRounds "9"]
[EventCountry "ITA"]
[SourceTitle "EXT 2007"]
[Source "ChessBase"]
[SourceDate "2006.11.23"]
[SourceVersion "1"]
[SourceVersionDate "2006.11.23"]
[SourceQuality "1"]

1. c4 Nf6 2. Nc3 e6 3. Nf3 b6 4. g3 Bb7 5. Bg2 Be7 6. 0-0 0-0 7. d3 a5 8. a3 Na6 9. Nd4 Bxg2 10. Kxg2 Nc5 11. e4 Ne8 12. f4 c6 13. Be3 Qc7 14. Rc1 a4 15. Re1 Bf6 16. e5 Be7 17. Bf2 f6 18. Nf3 f5 19. Bxc5 bxc5 20. Nxa4 g6 21. Nc3 Ng7 22. Qd2 Rfb8 23. Rb1 Rb3 24. Red1 Qb7 25. Qc2 Rb8 26. Rd2 Bd8 27. Nb5 Ba5 28. Rdd1 Rxb5 29. cxb5 Qxb5 30. Qc4 Ne8 31. Rdc1 Bb6 32. Qxb5 cxb5 33. b4 cxb4 34. Rxb4 Ba5 35. Rb3 Nc7 36. Rcb1 Bb6 37. a4 Be3 38. axb5 Bb6 39. h4 Nd5 40. d4 Rc8 41. R1b2 Rc7 42. Rd3 Rc4 43. Nd2 Ra4 44. Nf3 Rc4 45. Kh3 Kf7 46. Rdd2 Rc3 47. Ng1 Nxf4+ 48. Kh2 Nd5 49. Ne2 Rc4 50. Nf4 Ne3 51. Rd3 Nc2 52. d5 Nd4 53. dxe6+ dxe6 54. Rbd2 h6 55. Ne2 Nxe2 56. Rxe2 Rb4 57. Rd7+ Ke8 58. Rh7 Rxb5 59. Ra2 Ba5 60. Rc2 Kd8 61. Rxh6 Rxe5 62. Rxg6 Ke7 63. h5 f4 64. Kg2 fxg3 65. Rc6 Be1 66. Rc7+ Kd6 67. Rc2 Rxh5 68. Re2 Rh2+ 69. Kf1 Rxe2 70. Kxe2 Bf2 71. Kd3 Ke5 72. Rg8 Kf4 73. Ke2 e5 74. Rg7 Bd4 75. Rg8 e4 0-1